Złota Piłka 2010 - Top 10 - Statystyki

Ogólne statystyki
  • Ten quiz został rozwiązany 1 415 razy
  • Średni wynik to 8 z 10
Statystyki odpowiedzi
Lp. Klub Kraj Zawodnik % Poprawnych
1 Barcelona Argentyna Lionel Messi
100%
6 Real Madryt Portugalia Cristiano Ronaldo
97%
2 Barcelona Hiszpania Andres Iniesta
95%
3 Barcelona Hiszpania Xavi
92%
9 Chelsea WKS Didier Drogba
88%
5 Atletico Urugwaj Diego Forlan
68%
7 Real Madryt Hiszpania Iker Casillas
65%
4 Inter Holandia Wesley Sneijder
59%
8 Barcelona Hiszpania David Villa
53%
10 Real Madryt Hiszpania Xabi Alonso
40%
Nie znaleziono quizów pasujących do podanych kryteriów
Rozkład punktacji
Procent ludzi z każdym wynikiem
Percentyl według liczby udzielonych odpowiedzi
Twoja historia wyników
Nie rozwiązałeś tego quizu